00326nam a2200133Ia 450000100060000000800410000604000130004708200180006010000240007824500370010226000090013950000370014854600070018521690140409s9999 xx 000 0 und d cPK-LaUMT a 297.4bRID-A aLloyd V. J. Ridgeon aAziz NasaficLloyd V. J. Ridgeon c1998 aEntered from accession register. aEN